000 00575nam a2200181Ia 4500
008 090630s9999 xx 000 0 und d
082 _b23132
100 _aजोशी प्र. न.
245 _aभागवत पुराण.
_cजोशी प्र. न.
260 _bप्रसाद - पुणे.
300 _a400
600 _aजोशी प्र. न.
630 _aभागवत पुराण.
655 _aधार्मिक.
700 _aजोशी प्र. न.
730 _aभागवत पुराण.
942 _cBOOK
999 _c274988
_d274988